Jugando con la plastilina / Editor : Gustavo de Elorza (Registro nro. 48089)
[ vista simple ]
| 000 -LÍDER | |
|---|---|
| Campo fijo de descripción fija | 006290000a22001930004500 |
| 001 - NÚMERO DE CONTROL | |
| Campo de control | 900 |
| 003 - IDENTIFICADOR DEL NÚMERO DE CONTROL | |
| Campo de control | CO-MdFUSB |
| 005 - FECHA Y HORA DE LA ULTIMA TRANSACCIÓN | |
| control field | 20180328170039.0 |
| 008 - ELEMENTOS DE LONGITUD FIJA -- INFORMACIÓN GENERAL | |
| Campo fijo de descripción fija -- Información general | 170912b xxu||||| |||| 00| 0 eng d |
| 020 ## - NÚMERO INTERNACIONAL NORMALIZADO PARA LIBROS | |
| Número Internacional Normalizado del libro | 958-703-120-2 |
| 040 ## - FUENTE DE CATALOGACIÓN | |
| Agencia que realiza la transcripción | CO-MdBIC |
| 082 04 - NÚMERO DE CLASIFICACIÓN DECIMAL DEWEY | |
| Número de clasificación | 731 C89j |
| 100 1# - ASIENTO PRINCIPAL--NOMBRE PERSONAL | |
| Nombre personal | Elorza M, Gustavo de |
| 245 10 - TÍTULO | |
| Título del Material | Jugando con la plastilina / Editor : Gustavo de Elorza |
| 260 ## - PUBLICACIÓN, DISTRIBUCIÓN, ETC. (PIE DE IMPRENTA) | |
| Lugar de publicación, distribución, etc. | Bogotá : Cultural Internacional Ltda. |
| 300 ## - DESCRIPCIÓN FÍSICA | |
| Extensión | 72 P. |
| 505 00 - NOTA DE CONTENIDO | |
| Nota de contenido con formato preestablecido | Tomo 1 : Animales Tomo 2 : Creación de maquetas Tomo 3 : Personajes Tomo 4 : Plastilina en dos dimensiones Tomo 5 : Seres fantásticosy prehistóricos |
| 942 ## - TIPO DE MATERIAL (KOHA) | |
| Tipo de Item KOHA | Z- Libro General BINCO |
| Estado de Material | Estado de Perdido | Forma de Clasificación | Volumen-Parte/Tomo | Estado de Dañado | No para Préstamo | Colección | Tomo | Biblioteca de Origen | Biblioteca Permanente | Fecha de Adquisición | Total de Préstamos | Signatura Topográfica | Código de Barras | Última vez visto | Última vez Préstado | Ejemplar/Existencia | Fecha de Remplazo | Tipo de Material |
|---|---|---|---|---|---|---|---|---|---|---|---|---|---|---|---|---|---|---|
| Dewey Decimal Classification | Colección de Referencia | 5 | Biblioteca Infantil Comunitaria BINCO | Biblioteca Infantil Comunitaria BINCO | 24/05/2006 | 1 | 731 C89js | B30758 | 17/04/2018 | 17/04/2018 | 1 | 26/01/2016 | Z- Libros de Referencia BINCO | |||||
| Dewey Decimal Classification | Colección de Referencia | 2 | Biblioteca Infantil Comunitaria BINCO | Biblioteca Infantil Comunitaria BINCO | 24/05/2006 | 1 | 790 C89jc | B31106 | 28/02/2018 | 28/02/2018 | 1 | 26/01/2016 | Z- Libros de Referencia BINCO | |||||
| Dewey Decimal Classification | Colección de Referencia | 3 | Biblioteca Infantil Comunitaria BINCO | Biblioteca Infantil Comunitaria BINCO | 24/05/2006 | 731 C89jp | B30855 | 24/11/2016 | 1 | 26/01/2016 | Z- Libros de Referencia BINCO | |||||||
| Dewey Decimal Classification | Colección de Referencia | 4 | Biblioteca Infantil Comunitaria BINCO | Biblioteca Infantil Comunitaria BINCO | 25/04/2006 | 1 | 731 C89jd | B30851 | 24/04/2019 | 29/03/2019 | 1 | 26/01/2016 | Z- Libros de Referencia BINCO | |||||
| Dewey Decimal Classification | Colección de Referencia | 1 | Biblioteca Infantil Comunitaria BINCO | Biblioteca Infantil Comunitaria BINCO | 24/05/2006 | 731 C89ja | B30763 | 24/11/2016 | 1 | 26/01/2016 | Z- Libros de Referencia BINCO |
